[Event "GRE-ch Online Blitz (Women) 1st"]
[Site "Tornelo INT"]
[Date "2021.02.07"]
[Round "8"]
[White "Raftopoulou, Konstantina"]
[Black "Papadopoulou, Marilena"]
[Result "0-1"]
[WhiteElo "1174"]
[BlackElo "1389"]
[PlyCount "96"]
[EventDate "2021.02.07"]
[EventType "swiss (blitz)"]
[EventRounds "16"]
[EventCountry "GRE"]
[SourceTitle "EXT 2023"]
[Source "ChessBase"]
[SourceDate "2022.10.05"]
[SourceVersion "1"]
[SourceVersionDate "2022.10.05"]
[SourceQuality "1"]

1. b3 e5 2. Bb2 Nc6 3. e3 Nf6 4. Bb5 d6 5. Bxc6+ bxc6 6. Nf3 Be7 7. 0-0 0-0 8. d3 Be6 9. Nbd2 Re8 10. Rc1 Nd7 11. c4 f6 12. d4 exd4 13. Nxd4 Nc5 14. Nxc6 Qd7 15. Nd4 Nd3 16. Rc3 Nxb2 17. Qc2 Nxc4 18. Nxc4 Bxc4 19. Rxc4 c5 20. Nf3 d5 21. Ra4 Rac8 22. Rd1 Red8 23. h3 Qb7 24. Qd3 c4 25. bxc4 dxc4 26. Qc2 Rxd1+ 27. Qxd1 Qb5 28. Qc2 c3 29. Nd4 Qb2 30. Rxa7 Bc5 31. Qb3+ Qxb3 32. Nxb3 Bxa7 33. Kf1 c2 34. Nc1 Bc5 35. Ke2 Ba3 36. Kd2 Bxc1+ 37. Kxc1 Kf7 38. a4 Ke6 39. a5 Kd5 40. a6 Kc4 41. a7 Kb3 42. f3 Ra8 43. e4 Rxa7 44. e5 Ra1+ 45. Kd2 c1Q+ 46. Ke2 Qc2+ 47. Ke3 Re1+ 48. Kd4 Qc4# 0-1

[Event "GRE-ch Online Blitz (Women) 1st"]
[Site "Tornelo INT"]
[Date "2021.02.07"]
[Round "16"]
[White "Talaverou, Vasiliki Viktoria"]
[Black "Papadopoulou, Marilena"]
[Result "1-0"]
[WhiteElo "1001"]
[BlackElo "1389"]
[PlyCount "79"]
[EventDate "2021.02.07"]
[EventType "swiss (blitz)"]
[EventRounds "16"]
[EventCountry "GRE"]
[SourceTitle "EXT 2023"]
[Source "ChessBase"]
[SourceDate "2022.10.05"]
[SourceVersion "1"]
[SourceVersionDate "2022.10.05"]
[SourceQuality "1"]

1. d4 d5 2. Bf4 e6 3. e3 Nf6 4. c3 c5 5. Bd3 Nc6 6. Bc2 Bd6 7. Bg3 0-0 8. Nf3 Re8 9. Nbd2 e5 10. Qe2 Bg4 11. h3 Bh5 12. Bh2 e4 13. Bxd6 Qxd6 14. g4 exf3 15. Nxf3 Bg6 16. Bxg6 hxg6 17. 0-0-0 cxd4 18. Nxd4 Nxd4 19. Rxd4 Ne4 20. h4 a5 21. h5 gxh5 22. gxh5 Qf6 23. Rf1 a4 24. a3 Re5 25. Rb4 Rf5 26. Qb5 Rxf2 27. Rxf2 Qf3 28. Rxf3 Nd6 29. Qxd5 Rd8 30. Qd1 f6 31. Rd4 Kf7 32. Rxd6 Rxd6 33. Qxd6 Kg8 34. e4 Kh7 35. e5 b5 36. exf6 b4 37. fxg7 bxa3 38. bxa3 Kxg7 39. Qg6+ Kh8 40. Rf8# 1-0

[Event "Wch FIDE Online U12 Girls Europe qual"]
[Site "Tornelo INT"]
[Date "2020.12.09"]
[Round "6"]
[White "Vojinovic, Anastasija"]
[Black "Papadopoulou, Marilena"]
[Result "1-0"]
[WhiteElo "1324"]
[BlackElo "1160"]
[PlyCount "153"]
[EventDate "2020.12.07"]
[EventType "swiss (rapid)"]
[EventRounds "7"]
[EventCountry "ISS"]
[SourceTitle "EXT 2022"]
[Source "ChessBase"]
[SourceDate "2021.10.06"]
[SourceVersion "1"]
[SourceVersionDate "2021.10.06"]
[SourceQuality "1"]

1. e4 e5 2. Nf3 Nc6 3. Bc4 Nf6 4. d3 Be7 5. c3 0-0 6. Bb3 d6 7. h3 Na5 8. Bc2 c5 9. Nbd2 Kh8 10. 0-0 Ng8 11. Re1 Nc6 12. Nf1 f5 13. Ne3 f4 14. Nd5 Nf6 15. Nxe7 Qxe7 16. d4 cxd4 17. cxd4 b6 18. dxe5 dxe5 19. Bd2 Rd8 20. Qe2 Bb7 21. Bc3 Rac8 22. Rac1 a6 23. Bd3 b5 24. a4 b4 25. Bd2 a5 26. b3 Nd4 27. Nxd4 Rxd4 28. Rxc8+ Bxc8 29. Bc1 Qd8 30. Bc2 Bb7 31. f3 Qb6 32. Kh1 h6 33. Bb2 Ba6 34. Qf2 Rd6 35. Qxb6 Rxb6 36. Bxe5 g5 37. Bxf6+ Rxf6 38. e5 Re6 39. Bf5 Re8 40. e6 Kg7 41. Re5 Bc8 42. Rxa5 Bxe6 43. Bxe6 Rxe6 44. Rb5 Re1+ 45. Kh2 Ra1 46. Rxb4 Kf7 47. Rb6 Rb1 48. b4 h5 49. a5 Ra1 50. a6 Ke7 51. Rb7+ Kd6 52. b5 Ra2 53. a7 g4 54. hxg4 hxg4 55. fxg4 f3 56. Rb6+ Kc7 57. Ra6 f2 58. Rxa2 f1Q 59. a8Q Qf4+ 60. Kh1 Qh6+ 61. Kg1 Qc1+ 62. Kf2 Qf4+ 63. Qf3 Qd4+ 64. Kg3 Qb4 65. Qf4+ Qd6 66. Qxd6+ Kxd6 67. Rc2 Kd7 68. b6 Kd6 69. b7 Kd5 70. b8Q Kd4 71. Qf4+ Kd5 72. Re2 Kc6 73. Rd2 Kc5 74. Qf1 Kc6 75. Qc1+ Kb5 76. Rb2+ Ka4 77. Qa1# 1-0

[Event "Wch FIDE Online U12 Girls Europe qual"]
[Site "Tornelo INT"]
[Date "2020.12.08"]
[Round "3"]
[White "Papadopoulou, Marilena"]
[Black "Arzur, Maia"]
[Result "0-1"]
[WhiteElo "1160"]
[BlackElo "1427"]
[PlyCount "142"]
[EventDate "2020.12.07"]
[EventType "swiss (rapid)"]
[EventRounds "7"]
[EventCountry "ISS"]
[SourceTitle "EXT 2022"]
[Source "ChessBase"]
[SourceDate "2021.10.06"]
[SourceVersion "1"]
[SourceVersionDate "2021.10.06"]
[SourceQuality "1"]

1. e4 e5 2. Nf3 Nc6 3. Bb5 a6 4. Ba4 Nf6 5. 0-0 Be7 6. Re1 b5 7. Bb3 d6 8. h3 0-0 9. c3 Na5 10. Bc2 c5 11. d4 Qc7 12. d5 Bd7 13. Nbd2 c4 14. Nf1 Nb7 15. Ng3 Nc5 16. Be3 a5 17. Bxc5 Qxc5 18. Nh4 g6 19. Qd2 Rfc8 20. Kh1 Nxd5 21. Nxg6 fxg6 22. exd5 Rf8 23. Ne4 Qb6 24. Re2 Bf5 25. Ng3 Bxc2 26. Qxc2 Rf4 27. Ne4 Raf8 28. Rf1 Qb7 29. Qd2 Qd7 30. Kh2 Qf5 31. Ng3 Qd7 32. Ne4 Qb7 33. Ng3 Qb6 34. Ne4 b4 35. cxb4 axb4 36. g3 Rf3 37. Kg2 Qa5 38. a3 Qb5 39. Qxb4 Qxd5 40. Nc3 Rxc3+ 41. Kh2 Rcf3 42. Rd2 Qe6 43. Qb7 Qf7 44. a4 Bd8 45. Qxf7+ R8xf7 46. Rc2 Bc7 47. Rxc4 Rxf2+ 48. Rxf2 Rxf2+ 49. Kg1 Bb6 50. a5 Rc2+ 51. axb6 Rxc4 52. b7 Rb4 53. h4 Rxb7 54. Kg2 Rxb2+ 55. Kh3 Kf7 56. Kg4 d5 57. Kh3 e4 58. Kg4 d4 59. Kh3 d3 60. Kg4 d2 61. Kh3 d1Q 62. h5 Qh1+ 63. Kg4 Qxh5+ 64. Kf4 Rf2+ 65. Ke3 Qf3+ 66. Kd4 Ke6 67. Kc4 Rd2 68. Kb4 Rc2 69. Kb5 Qe2+ 70. Kb4 Qc4+ 71. Ka3 Ra2# 0-1